| 000 | 00411nam a2200145Ia 4500 | ||
|---|---|---|---|
| 008 | 210210b1976 xxu||||| |||| 00| 0 eng d | ||
| 082 | _a338.003 COUW | ||
| 100 | _aCOUNCIL OF SCIENTIFIC & INDUSTRIAL RESEARCH. | ||
| 245 | _aWealth of India:Dictionary of Raw materials. V5- H-K. | ||
| 260 |
_aND _bC S I R _c1976 |
||
| 300 | _axxv,332,xii | ||
| 650 | _aRaw Materials | ||
| 690 | _aDictionaries | ||
| 906 | _a035634 | ||
| 999 |
_c86310 _d86310 |
||